[Event "13th EICC"]
[Site "Plovdiv BUL"]
[Date "2012.03.24"]
[Round "5.4"]
[White "Andreikin, Dmitry"]
[Black "Matlakov, Maxim"]
[Result "1/2-1/2"]
[WhiteTitle "GM"]
[BlackTitle "GM"]
[WhiteElo "2689"]
[BlackElo "2632"]
[WhiteFideId "4158814"]
[BlackFideId "4168003"]
[EventDate "2012.03.20"]
[EventType "swiss"]

1. c4 e6 2. g3 d5 3. Bg2 Nf6 4. Nf3 dxc4 5. Qa4+ c6 6. Qxc4 b5 7. Qb3 Bb7 8. O-O
Nbd7 9. d4 Be7 10. Ne5 Nxe5 11. dxe5 Nd5 12. Nc3 O-O 13. Ne4 Qc7 14. Bf4 a6 15.
a4 c5 16. axb5 Qb6 17. Nd6 Bxd6 18. exd6 Nxf4 19. gxf4 Bxg2 20. Kxg2 Qxd6 21.
Qf3 Qb6 22. bxa6 Rxa6 23. Rxa6 Qxa6 24. Rc1 Qb5 25. Qe4 Qxb2 26. Rxc5 g6 27. Qe5
Qxe5 28. Rxe5 Kg7 29. e3 Rb8 30. Rc5 Rb7 31. Ra5 Rc7 32. Rb5 Ra7 33. Rc5 Rb7 34.
Kg3 Ra7 35. Kg2 Rb7 36. Kg3 Ra7 37. Kg2 Rb7 38. Kg3 1/2-1/2

[Event "13th EICC"]
[Site "Plovdiv BUL"]
[Date "2012.03.24"]
[Round "5.6"]
[White "Berkes, Ferenc"]
[Black "Melkumyan, Hrant"]
[Result "1/2-1/2"]
[WhiteTitle "GM"]
[BlackTitle "GM"]
[WhiteElo "2682"]
[BlackElo "2628"]
[WhiteFideId "718572"]
[BlackFideId "13302485"]
[EventDate "2012.03.20"]
[EventType "swiss"]

1. Nf3 Nf6 2. c4 c5 3. g3 Nc6 4. Bg2 d6 5. Nc3 g6 6. d3 Bg7 7. Bd2 O-O 8. O-O
Qd7 9. a3 b6 10. b4 Bb7 11. Rb1 Nd4 12. e3 Nxf3+ 13. Bxf3 Bxf3 14. Qxf3 Qh3 15.
Rb3 Rfd8 16. Ne4 Nxe4 17. Qxe4 Qd7 18. Bc3 d5 19. cxd5 Qxd5 20. Qxd5 Rxd5 21.
Bxg7 Kxg7 22. e4 Rd4 23. bxc5 bxc5 24. Rc1 Rad8 25. Rxc5 Rxd3 26. Rxd3 Rxd3 27.
Ra5 Rd4 28. f3 Rd1+ 29. Kg2 Rd2+ 30. Kh3 Rf2 31. f4 Re2 32. e5 h5 33. Rxa7 g5
34. fxg5 Rxe5 35. a4 Kg6 36. a5 Kxg5 37. a6 Re2 38. Rb7 Kf6 39. Rb5 Ra2 40. Rxh5
Kg6 41. Re5 1/2-1/2

[Event "13th EICC"]
[Site "Plovdiv BUL"]
[Date "2012.03.24"]
[Round "5.7"]
[White "Esen, Baris"]
[Black "Vachier-Lagrave, Maxime"]
[Result "1/2-1/2"]
[WhiteTitle "GM"]
[BlackTitle "GM"]
[WhiteElo "2555"]
[BlackElo "2682"]
[WhiteFideId "6302114"]
[BlackFideId "623539"]
[EventDate "2012.03.20"]
[EventType "swiss"]

1. d4 Nf6 2. c4 g6 3. Nf3 Bg7 4. g3 c6 5. Bg2 d5 6. Nbd2 O-O 7. O-O Ne4 8. e3
Bf5 9. Qe2 Nd7 10. Nh4 Nxd2 11. Bxd2 Be6 12. cxd5 cxd5 13. Qb5 Qb6 14. Qxb6 Nxb6
15. b3 Rfc8 16. Rfc1 Bf6 17. Nf3 Rxc1+ 18. Rxc1 Rc8 19. Bc3 Bf5 20. Bb2 Rxc1+
21. Bxc1 e6 22. Nd2 Be7 23. a3 Bc2 24. Bf1 a5 25. Be2 Nc8 26. Kf1 Nd6 27. Ke1 a4
28. b4 b5 29. Bd1 Bxd1 30. Kxd1 Kf8 31. Ke2 Ke8 32. Kd3 Kd7 33. f3 Nc4 34. Nxc4
bxc4+ 35. Ke2 f6 36. Bb2 Bd6 37. e4 f5 38. e5 Be7 39. Bc3 Bg5 40. Bd2 Bxd2 41.
Kxd2 1/2-1/2

[Event "13th EICC"]
[Site "Plovdiv BUL"]
[Date "2012.03.24"]
[Round "5.9"]
[White "Radulski, Julian"]
[Black "Cheparinov, Ivan"]
[Result "1/2-1/2"]
[WhiteTitle "GM"]
[BlackTitle "GM"]
[WhiteElo "2552"]
[BlackElo "2664"]
[WhiteFideId "2901595"]
[BlackFideId "2905540"]
[EventDate "2012.03.20"]
[EventType "swiss"]

1. e4 c5 2. Nf3 d6 3. d4 cxd4 4. Nxd4 Nf6 5. Nc3 a6 6. Bg5 Nbd7 7. Qe2 h6 8. Bh4
g6 9. O-O-O e5 10. Nb3 Be7 11. Qe1 b5 12. a3 Bb7 13. f3 Qc7 14. Kb1 Rc8 15. Bd3
Nb6 16. Rd2 g5 17. Bf2 Nc4 18. Bxc4 bxc4 19. Nc1 Bc6 20. N1a2 a5 21. Ka1 Qb7 22.
Qe3 Rb8 23. Rb1 Kf8 24. Qe2 Rc8 25. g4 h5 26. h3 hxg4 27. hxg4 Rh2 28. Qe1 Rh3
29. Qe2 Rb8 30. Be3 d5 31. Qf1 Rh8 32. exd5 Nxd5 33. Nxd5 Bxd5 34. Nc3 Bxf3 35.
Qxc4 Rh1 36. Na4 Rxb1+ 37. Kxb1 Kg7 38. Nb6 Rd8 39. Rxd8 Bxd8 40. Qc3 Qe4 41.
Nc4 Bxg4 42. Qxe5+ Qxe5 43. Nxe5 Be6 44. Nc6 Bf6 45. Nxa5 g4 46. b4 Bc3 47. Nc6
Bd5 48. b5 Kf6 49. a4 Ke6 50. Nd4+ Ke5 51. Ne2 Ba5 52. Nf4 Bb7 53. Nd3+ Ke4 54.
Bg1 Kd5 55. Kb2 Kc4 56. Ne5+ Kb4 57. Nxf7 1/2-1/2

[Event "13th EICC"]
[Site "Plovdiv BUL"]
[Date "2012.03.24"]
[Round "5.10"]
[White "Sokolov, Ivan"]
[Black "Azaladze, Shota"]
[Result "1/2-1/2"]
[WhiteTitle "GM"]
[BlackTitle "IM"]
[WhiteElo "2653"]
[BlackElo "2419"]
[WhiteFideId "14400030"]
[BlackFideId "13603027"]
[EventDate "2012.03.20"]
[EventType "swiss"]

1. d4 g6 2. e4 Bg7 3. c4 c5 4. d5 d6 5. Bd3 e6 6. Nc3 Ne7 7. h4 h6 8. Be3 exd5
9. cxd5 a6 10. a4 Nd7 11. Nf3 Nf6 12. O-O Ng4 13. Bf4 g5 14. Bg3 Ng6 15. h5 N6e5
16. Nxe5 Nxe5 17. Be2 g4 18. a5 Qg5 19. Na4 Qxh5 20. Nb6 Rb8 21. b4 O-O 22. bxc5
f5 23. exf5 Bxf5 24. cxd6 Be4 25. Bxg4 Nxg4 26. Ra4 Qg6 27. Qe2 Nf6 28. Nd7 Bxd5
29. Nxb8 Rxb8 30. Rd4 Bc6 31. Re1 Rd8 32. Qc4+ Qf7 33. Qxf7+ Kxf7 34. Re7+ Kg6
35. Be5 Rd7 36. Rxd7 Bxd7 37. f3 h5 38. Kf1 Kf5 39. f4 Bf8 40. Ke1 Ng4 41. Rd5
Ne3 42. Rc5 Ke6 43. Rc7 Bxd6 44. Bxd6 Kxd6 45. Rxb7 Nxg2+ 46. Kf2 Nxf4 47. Rb6+
Bc6 1/2-1/2

[Event "13th EICC"]
[Site "Plovdiv BUL"]
[Date "2012.03.24"]
[Round "5.23"]
[White "Kozul, Zdenko"]
[Black "Areshchenko, Alexander"]
[Result "1/2-1/2"]
[WhiteTitle "GM"]
[BlackTitle "GM"]
[WhiteElo "2602"]
[BlackElo "2688"]
[WhiteFideId "14502879"]
[BlackFideId "14109530"]
[EventDate "2012.03.20"]
[EventType "swiss"]

1. d4 Nf6 2. c4 g6 3. Nc3 d5 4. Nf3 Bg7 5. cxd5 Nxd5 6. e4 Nxc3 7. bxc3 c5 8.
Rb1 O-O 9. Be2 Nc6 10. d5 Ne5 11. Nxe5 Bxe5 12. Rb3 c4 13. Bxc4 Qc7 14. Be2
Bxc3+ 15. Bd2 Be5 16. Bh6 Rd8 17. Qd2 e6 18. O-O exd5 19. exd5 Bxh2+ 20. Kh1 Be5
21. Re1 Bf5 22. Re3 Rac8 23. Bc4 Qxc4 24. Rxe5 f6 25. Re7 Rxd5 26. Rg7+ Kh8 27.
Rc7 Qxc7 28. Qxd5 Qd7 29. Qb3 g5 30. Kg1 Qd2 31. Re3 Qc1+ 32. Kh2 Qc7+ 33. g3
Bg6 34. Qb2 Qf7 35. Rf3 Be4 36. Qxf6+ Qxf6 37. Rxf6 g4 38. Rf7 Bd5 39. Rd7 Bf3
40. a3 a5 41. Kg1 b5 42. Kf1 b4 43. axb4 axb4 44. Ke1 b3 45. Kd2 Rb8 46. Bg7+
Kg8 47. Kc1 Rc8+ 48. Kb2 Bc6 49. Re7 Bd5 50. Bc3 Bf7 51. Re5 h6 52. Re4 h5 53.
Re5 Kf8 54. Bb4+ Kg7 55. Rc5 Re8 56. Bc3+ Kg6 57. Re5 Rf8 58. Re2 Bc4 59. Rd2
Re8 60. Rd4 Bf7 61. Rd6+ Be6 62. Rb6 Kf7 63. Rb5 Rf8 64. Re5 Ra8 65. Ra5 Rxa5 1/2-1/2

[Event "13th EICC"]
[Site "Plovdiv BUL"]
[Date "2012.03.24"]
[Round "5.24"]
[White "Hovhannisyan, Robert"]
[Black "Akopian, Vladimir"]
[Result "1/2-1/2"]
[WhiteTitle "GM"]
[BlackTitle "GM"]
[WhiteElo "2600"]
[BlackElo "2684"]
[WhiteFideId "13302507"]
[BlackFideId "13300032"]
[EventDate "2012.03.20"]
[EventType "swiss"]

1. e4 c6 2. d4 d5 3. Nc3 dxe4 4. Nxe4 Bf5 5. Ng3 Bg6 6. h4 h6 7. Nf3 Nd7 8. h5
Bh7 9. Bd3 Bxd3 10. Qxd3 e6 11. Bd2 Ngf6 12. O-O-O Be7 13. Ne4 Nxe4 14. Qxe4 Nf6
15. Qd3 O-O 16. g4 Nxg4 17. Rhg1 Nxf2 18. Qe2 Nxd1 19. Bxh6 Bf6 20. Bxg7 Bxg7
21. h6 Qf6 22. Qh2 Qxf3 23. hxg7 Qe3+ 24. Kb1 Nc3+ 25. bxc3 Qxg1+ 26. Qxg1 Rfd8
27. Qg5 Kh7 28. Qf6 Rd7 29. Kb2 Rg8 30. Qh4+ Kxg7 31. Qg3+ Kf8 32. Qb8+ Kg7 33.
Qg3+ Kf8 34. Qb8+ Kg7 35. Qg3+ 1/2-1/2

[Event "13th EICC"]
[Site "Plovdiv BUL"]
[Date "2012.03.24"]
[Round "5.26"]
[White "Georgiev, Kiril"]
[Black "Nyzhnyk, Illya"]
[Result "1/2-1/2"]
[WhiteTitle "GM"]
[BlackTitle "GM"]
[WhiteElo "2671"]
[BlackElo "2585"]
[WhiteFideId "2900017"]
[BlackFideId "14118084"]
[EventDate "2012.03.20"]
[EventType "swiss"]

1. d4 Nf6 2. c4 g6 3. Nf3 Bg7 4. g3 O-O 5. Bg2 d6 6. Nc3 c6 7. O-O Bf5 8. Ne1
Be6 9. d5 cxd5 10. cxd5 Bd7 11. Be3 Ng4 12. Bd4 Bxd4 13. Qxd4 Qb6 14. Qxb6 axb6
15. Nd3 Na6 16. Rfc1 Rfc8 17. Bh3 Nf6 18. Bxd7 Nxd7 19. Rab1 f5 20. f3 Nf6 21.
a3 Nc5 22. Nb4 Ncd7 23. Nd1 Kf7 24. Ne3 Ne5 25. Kf2 Rc5 26. Rd1 Rac8 27. Nd3
Nxd3+ 28. Rxd3 Rc1 29. Rxc1 Rxc1 30. Rb3 Nd7 31. Rb4 Rc5 32. a4 Ke8 33. g4 fxg4
34. Rxg4 Nf6 35. Rb4 Kd8 36. Rd4 Kc7 37. b4 Rc1 38. h4 b5 39. a5 b6 40. axb6+
Kxb6 41. Nd1 Nd7 42. Ne3 Nf6 1/2-1/2

[Event "13th EICC"]
[Site "Plovdiv BUL"]
[Date "2012.03.24"]
[Round "5.27"]
[White "Azarov, Sergei"]
[Black "Savchenko, Boris"]
[Result "1-0"]
[WhiteTitle "GM"]
[BlackTitle "GM"]
[WhiteElo "2667"]
[BlackElo "2580"]
[WhiteFideId "13501470"]
[BlackFideId "4147332"]
[EventDate "2012.03.20"]
[EventType "swiss"]

1. e4 c5 2. Nf3 d6 3. d4 cxd4 4. Nxd4 Nf6 5. Nc3 Nc6 6. Bc4 e6 7. Be3 Be7 8. f4
d5 9. Bb5 Qc7 10. e5 Nd7 11. O-O a6 12. Bd3 Bc5 13. Nce2 Ndxe5 14. fxe5 Qxe5 15.
Qd2 Bxd4 16. Nxd4 Nxd4 17. Bf4 Qf6 18. Bg5 Qe5 19. Rae1 Qc7 20. Bf4 Qb6 21. Qf2
Qxb2 22. Bc1 Nf3+ 23. Qxf3 Qb6+ 24. Kh1 O-O 25. Ba3 Bd7 26. Bxf8 Rxf8 27. c4
dxc4 28. Bxc4 Bc6 29. Rxe6 Qc5 30. Qf4 b5 31. Bb3 1-0

[Event "13th EICC"]
[Site "Plovdiv BUL"]
[Date "2012.03.24"]
[Round "5.29"]
[White "Khismatullin, Denis"]
[Black "Stefansson, Hannes"]
[Result "1-0"]
[WhiteTitle "GM"]
[BlackTitle "GM"]
[WhiteElo "2656"]
[BlackElo "2531"]
[WhiteFideId "4142578"]
[BlackFideId "2300087"]
[EventDate "2012.03.20"]
[EventType "swiss"]

1. c4 Nf6 2. Nc3 e5 3. Nf3 Nc6 4. g3 Nd4 5. Nxe5 Qe7 6. f4 d6 7. Nd3 Bf5 8. Kf2
g5 9. Bg2 O-O-O 10. e3 Bg7 11. fxg5 Bxd3 12. exd4 h5 13. gxf6 Qxf6+ 14. Qf3
Qxd4+ 15. Ke1 d5 16. cxd5 Bc2 17. Bh3+ Kb8 18. d3 Bxd3 19. Be3 Rhe8 20. Kf2 Qb4
21. Rad1 Rxe3 22. Qxe3 Bd4 23. Rxd3 Qxb2+ 24. Kf3 Bxe3 25. Rxe3 Qc2 26. Rhe1 a6
27. R1e2 Qg6 28. Kf2 h4 29. Bg2 Qf6+ 30. Ke1 Qd4 31. Kf1 hxg3 32. hxg3 Rd6 33.
Be4 Rb6 34. Rd3 Qh8 35. Kg2 Rh6 36. Kg1 f5 37. Bxf5 Rh1+ 38. Kf2 Qh2+ 39. Kf3
Rf1+ 40. Kg4 Qh8 41. Bg6 Qh6 42. Re6 Rh1 43. Rf3 Qh3+ 44. Kf4 Qh6+ 45. Kf5 Qh3+
46. Ke5 Qg4 47. Rf8+ Ka7 48. Ne4 Qe2 49. Re7 Qb2+ 50. Ke6 Qb6+ 51. d6 cxd6 52.
Rf6 Qb2 53. Kf7 Re1 54. Rxd6 Qxa2+ 55. Kf8 Qb2 56. Kg8 Qb3+ 57. Bf7 Qb4 58. Rdd7
Qb6 59. Nd6 Qf2 60. Rxe1 Qxe1 61. Rxb7+ Ka8 62. Bd5 1-0

[Event "13th EICC"]
[Site "Plovdiv BUL"]
[Date "2012.03.24"]
[Round "5.36"]
[White "Kryvoruchko, Yuriy"]
[Black "Zontakh, Andrey"]
[Result "1-0"]
[WhiteTitle "GM"]
[BlackTitle "GM"]
[WhiteElo "2666"]
[BlackElo "2556"]
[WhiteFideId "14109182"]
[BlackFideId "14101130"]
[EventDate "2012.03.20"]
[EventType "swiss"]

1. e4 e5 2. Nf3 Nc6 3. Bb5 f5 4. Nc3 fxe4 5. Nxe4 Nf6 6. Qe2 d5 7. Nxf6+ gxf6 8.
d4 Bg7 9. dxe5 O-O 10. Bxc6 bxc6 11. e6 Re8 12. O-O Rxe6 13. Qd3 c5 14. Rd1 c6
15. c4 Ba6 16. b3 Qe8 17. Be3 Qh5 18. Bxc5 dxc4 19. Qd7 Qe8 20. Qc7 Qc8 21. Qf4
cxb3 22. axb3 Be2 23. Re1 Bxf3 24. Qxf3 Rxe1+ 25. Rxe1 Qd7 26. Rd1 Qe6 27. g3
Bf8 28. Be3 Rb8 29. Kg2 a5 30. h4 Be7 31. Qh5 Rd8 32. Bh6 f5 33. Ra1 Qg6 34. Qe2
Bb4 35. Bg5 Re8 36. Qf3 Qe6 37. Rc1 c5 38. Be3 Rc8 39. Kh2 Kg7 40. Qb7+ Kf8 41.
Qxh7 1-0

[Event "13th EICC"]
[Site "Plovdiv BUL"]
[Date "2012.03.24"]
[Round "5.39"]
[White "Postny, Evgeny"]
[Black "Prohaszka, Peter2"]
[Result "0-1"]
[WhiteTitle "GM"]
[BlackTitle "GM"]
[WhiteElo "2662"]
[BlackElo "2553"]
[WhiteFideId "2804344"]
[BlackFideId "726265"]
[EventDate "2012.03.20"]
[EventType "swiss"]

1. d4 d5 2. c4 c6 3. Nf3 Nf6 4. e3 g6 5. Nbd2 Bg7 6. b4 O-O 7. Bb2 Ne4 8. Nxe4
dxe4 9. Nd2 f5 10. g4 a5 11. gxf5 Bxf5 12. Bg2 e5 13. d5 Qg5 14. Rg1 Na6 15. h4
Qxh4 16. Rh1 Qg5 17. Bxe4 Bxe4 18. Nxe4 Qg2 19. Rh4 h5 20. Ke2 Qf3+ 21. Ke1 Qf7
22. Rh2 Nxb4 23. a3 cxd5 24. Ng5 Qf5 25. axb4 Qxg5 26. Qxd5+ Kh7 27. Rg2 Qh4 28.
Rg3 Qf6 29. Qg2 axb4 30. Rxa8 Rxa8 31. f4 Qf5 32. e4 Qxf4 0-1

[Event "13th EICC"]
[Site "Plovdiv BUL"]
[Date "2012.03.24"]
[Round "5.40"]
[White "Steingrimsson, Hedinn"]
[Black "Lysyj, Igor"]
[Result "0-1"]
[WhiteTitle "GM"]
[BlackTitle "GM"]
[WhiteElo "2556"]
[BlackElo "2656"]
[WhiteFideId "2300117"]
[BlackFideId "4150120"]
[EventDate "2012.03.20"]
[EventType "swiss"]

1. c4 Nf6 2. Nc3 e6 3. e4 d5 4. e5 d4 5. exf6 dxc3 6. bxc3 Qxf6 7. d4 e5 8. Nf3
Nc6 9. Bg5 Qg6 10. d5 Nb8 11. h4 h6 12. Qe2 hxg5 13. Nxe5 Qh5 14. g4 Bxg4 15.
Nxg4+ Kd8 16. Bg2 gxh4 17. d6 Nc6 18. O-O-O cxd6 19. Rd5 f5 20. Bf3 Qe8 21. Ne3
f4 22. c5 fxe3 23. cxd6 Rh6 24. Rhd1 Rxd6 25. Rxd6+ Bxd6 26. Rxd6+ Kc7 27. Rd5
Rd8 28. Rxd8 Kxd8 29. fxe3 Qe5 30. Kc2 h3 31. Bxc6 bxc6 32. Qf3 h2 33. Qxc6 Qf5+
34. Kb2 Qf2+ 35. Kb3 Ke7 36. a4 Qg1 37. Qe4+ Kf6 38. Qf4+ Kg6 39. Qe4+ Kf6 40.
Qf4+ Kg6 41. Qe4+ Kh5 42. Qf5+ Kh6 43. Qf4+ g5 0-1

[Event "13th EICC"]
[Site "Plovdiv BUL"]
[Date "2012.03.24"]
[Round "5.41"]
[White "Jankovic, Alojzije"]
[Black "Roiz, Michael"]
[Result "1-0"]
[WhiteTitle "GM"]
[BlackTitle "GM"]
[WhiteElo "2553"]
[BlackElo "2652"]
[WhiteFideId "14505959"]
[BlackFideId "2804158"]
[EventDate "2012.03.20"]
[EventType "swiss"]

1. d4 e6 2. c4 Bb4+ 3. Nd2 Nf6 4. Nf3 O-O 5. a3 Be7 6. e4 d5 7. e5 Nfd7 8. Bd3
c5 9. h4 g6 10. h5 cxd4 11. hxg6 fxg6 12. Qc2 Qe8 13. O-O Nc5 14. Nxd4 Nxd3 15.
Qxd3 Nc6 16. cxd5 exd5 17. N2f3 Bg4 18. Bh6 Rf7 19. e6 Rf6 20. Rae1 Bxf3 21.
Nxf3 Rd8 22. Nd4 a6 23. Re2 Rd6 24. Rfe1 Qd8 25. b4 Nxd4 26. Qxd4 Rc6 27. Re5
Rd6 28. R1e3 Qc7 29. Rxd5 Rxd5 30. Qxd5 Qc1+ 31. Kh2 Rxf2 32. Qe5 1-0

[Event "13th EICC"]
[Site "Plovdiv BUL"]
[Date "2012.03.24"]
[Round "5.43"]
[White "Papp, Gabor1"]
[Black "Saric, Ivan"]
[Result "1/2-1/2"]
[WhiteTitle "GM"]
[BlackTitle "GM"]
[WhiteElo "2551"]
[BlackElo "2649"]
[WhiteFideId "718602"]
[BlackFideId "14508150"]
[EventDate "2012.03.20"]
[EventType "swiss"]

1. e4 e5 2. Nf3 Nc6 3. Bb5 a6 4. Bxc6 dxc6 5. O-O Be6 6. Nxe5 Qd4 7. Nf3 Qxe4 8.
Ng5 Qf5 9. Nxe6 fxe6 10. d3 Nf6 11. Nd2 Bd6 12. Qf3 Qe5 13. g3 O-O 14. Nc4 Qd5
15. Qxd5 cxd5 16. Nxd6 cxd6 17. Re1 Kf7 18. c4 Rfc8 19. b3 b5 20. Ba3 dxc4 21.
dxc4 d5 22. cxd5 Nxd5 23. Bd6 Rc2 24. a4 b4 25. Re4 a5 26. Rae1 Ra6 27. Be5 Rac6
28. R4e2 Rxe2 29. Rxe2 Rc1+ 30. Kg2 Rb1 31. Rc2 Rxb3 32. Rc5 g5 33. Rxa5 g4 34.
h3 h5 35. hxg4 hxg4 36. Rb5 Kg6 37. a5 Kf5 38. Bd6 Rb2 39. Bc5 Ra2 40. Bxb4 Kg6
41. Bc5 Nf6 42. Bb6 Ne4 43. Re5 Ng5 44. Bd8 Nf3 45. Rxe6+ Kh5 46. Re3 Kg6 47.
Rxf3 gxf3+ 48. Kxf3 Kf5 49. g4+ Ke5 50. Kg3 Ra3+ 51. f3 Kd6 52. Bb6 Ke6 53. Kf4
Rb3 54. Kg3 Ra3 55. Bd8 Kd7 56. Bb6 1/2-1/2

[Event "13th EICC"]
[Site "Plovdiv BUL"]
[Date "2012.03.24"]
[Round "5.44"]
[White "Ivanisevic, Ivan"]
[Black "Zoler, Dan"]
[Result "1-0"]
[WhiteTitle "GM"]
[BlackTitle "GM"]
[WhiteElo "2645"]
[BlackElo "2541"]
[WhiteFideId "912417"]
[BlackFideId "2800705"]
[EventDate "2012.03.20"]
[EventType "swiss"]

1. d4 Nf6 2. c4 e6 3. Nc3 Bb4 4. Qc2 O-O 5. Nf3 d6 6. Bg5 h6 7. Bh4 c5 8. e3
Nbd7 9. Bd3 b6 10. O-O Bb7 11. Ne4 cxd4 12. Nxf6+ Nxf6 13. a3 g5 14. Bg3 Bxf3
15. gxf3 Bc5 16. b4 e5 17. bxc5 bxc5 18. f4 Re8 19. fxe5 dxe5 20. Bf5 Nh5 21.
Rab1 Ng7 22. Be4 Rc8 23. Bd5 Qf6 24. Rb7 Re7 25. Rxe7 Qxe7 26. Qe4 Re8 27. Rb1 1-0

[Event "13th EICC"]
[Site "Plovdiv BUL"]
[Date "2012.03.24"]
[Round "5.45"]
[White "Nikolov, Momchil"]
[Black "Safarli, Eltaj"]
[Result "1/2-1/2"]
[WhiteTitle "GM"]
[BlackTitle "GM"]
[WhiteElo "2550"]
[BlackElo "2645"]
[WhiteFideId "2905710"]
[BlackFideId "13402129"]
[EventDate "2012.03.20"]
[EventType "swiss"]

1. d4 Nf6 2. c4 e6 3. Nc3 Bb4 4. Qc2 O-O 5. a3 Bxc3+ 6. Qxc3 d6 7. f3 d5 8. Bg5
c5 9. e3 cxd4 10. Qxd4 Nc6 11. Qc3 d4 12. exd4 Nxd4 13. O-O-O e5 14. Ne2 Nxe2+
15. Bxe2 Qc7 16. Bxf6 gxf6 17. f4 Be6 18. Qg3+ Kh8 19. Qh4 Bxc4 20. Qxf6+ Kg8
21. Qg5+ Kh8 22. Qf6+ Kg8 23. Qg5+ Kh8 24. Qf6+ 1/2-1/2

[Event "13th EICC"]
[Site "Plovdiv BUL"]
[Date "2012.03.24"]
[Round "5.48"]
[White "Durarbayli, Vasif"]
[Black "Nyback, Tomi"]
[Result "1/2-1/2"]
[WhiteTitle "GM"]
[BlackTitle "GM"]
[WhiteElo "2543"]
[BlackElo "2636"]
[WhiteFideId "13402935"]
[BlackFideId "503142"]
[EventDate "2012.03.20"]
[EventType "swiss"]

1. c4 Nf6 2. g3 c6 3. Bg2 d5 4. Nf3 g6 5. b3 Bg7 6. Bb2 O-O 7. O-O Bg4 8. d4
Bxf3 9. Bxf3 Nbd7 10. Nc3 e5 11. cxd5 exd4 12. dxc6 dxc3 13. cxb7 Rb8 14. Bxc3
Qe7 15. Qc1 Nb6 16. Qb2 Nh5 17. a4 Rxb7 18. Bxb7 Qxb7 19. Bxg7 Nxg7 20. Rfd1 Ne6
21. h4 Nd5 22. Qe5 Ne7 23. Rab1 Rc8 24. Rd3 Rc5 25. Rd8+ Nxd8 26. Qxc5 Ne6 27.
Qc4 Nf5 28. Rd1 Qb6 29. Qc8+ Kg7 30. Qc3+ Kg8 31. e3 Qb7 32. Rd2 Qf3 33. Qe5 h5
34. Kh2 Nh6 35. Qd5 Ng4+ 36. Kg1 Qf6 37. Rc2 g5 38. hxg5 Nxg5 39. Kg2 Kh7 40. b4
Kh6 41. Qc6 Ne6 42. Qf3 Qg6 43. Rc1 Kg7 44. b5 Ng5 45. Qd5 Ne4 46. Qd4+ Ngf6 47.
Rc6 h4 48. Rxf6 Nxf6 49. Qxh4 Ng4 50. Qd8 Qe4+ 51. Kg1 Ne5 52. Qg5+ Ng6 53. a5
Qb4 54. a6 Qb1+ 55. Kg2 Qe4+ 56. Kg1 Qb1+ 1/2-1/2

[Event "13th EICC"]
[Site "Plovdiv BUL"]
[Date "2012.03.24"]
[Round "5.50"]
[White "Khenkin, Igor"]
[Black "Sebenik, Matej"]
[Result "1/2-1/2"]
[WhiteTitle "GM"]
[BlackTitle "IM"]
[WhiteElo "2632"]
[BlackElo "2529"]
[WhiteFideId "4659600"]
[BlackFideId "14602296"]
[EventDate "2012.03.20"]
[EventType "swiss"]

1. d4 Nf6 2. c4 g6 3. Nc3 Bg7 4. e4 d6 5. f3 O-O 6. Be3 Nc6 7. Nge2 a6 8. Qd2
Rb8 9. Rc1 Bd7 10. Nd1 Re8 11. Nf2 b5 12. c5 dxc5 13. Rxc5 e5 14. d5 Ne7 15. Qc1
Rb7 16. Rc2 Qa8 17. Nd3 c6 18. dxc6 Nxc6 19. Rxc6 Bxc6 20. Qxc6 Rc8 21. Qd6 b4
22. Nec1 Rb5 23. Nxb4 Nxe4 24. Qxa6 Rxb4 25. Qxa8 Rxa8 26. Nd3 Rc4 27. fxe4 Rxa2
28. Be2 Ra1+ 29. Bd1 Rxe4 30. Kf2 Rc4 31. Bb3 Rxh1 32. Bxc4 e4 33. Nc5 Bxb2 34.
Nxe4 Rxh2 35. Ng5 Rh5 36. Bxf7+ Kg7 37. Bc4 Rh4 38. Ne6+ Kh8 39. Bd5 Ra4 40. Nc5
Rd4 41. Bxd4+ 1/2-1/2

[Event "13th EICC"]
[Site "Plovdiv BUL"]
[Date "2012.03.24"]
[Round "5.51"]
[White "Erdos, Viktor"]
[Black "Khmelniker, Ilya"]
[Result "0-1"]
[WhiteTitle "GM"]
[BlackTitle "GM"]
[WhiteElo "2631"]
[BlackElo "2523"]
[WhiteFideId "719978"]
[BlackFideId "2805340"]
[EventDate "2012.03.20"]
[EventType "swiss"]

1. c4 Nf6 2. g3 g6 3. Bg2 c6 4. b3 Bg7 5. Bb2 d5 6. Nf3 O-O 7. O-O Qb6 8. Qc2
Na6 9. d3 Rd8 10. Nbd2 d4 11. a3 c5 12. b4 Ne8 13. Nb3 Bd7 14. b5 Nac7 15. a4 a5
16. Ng5 Ne6 17. Nxe6 Bxe6 18. Ba3 Rdc8 19. Rae1 Nd6 20. e3 dxe3 21. Rxe3 Nf5 22.
Re4 Rc7 23. Qd2 Qd6 24. Rb1 Nd4 25. Nxd4 Bxd4 26. b6 Rd7 27. Ree1 Ra6 28. Be4
Rxb6 29. Qxa5 Ra6 30. Qb5 Ra7 31. Bc1 Qa6 32. Bh6 Qxa4 33. Qxa4 Rxa4 34. Bc6 Rb4
35. Bxd7 Bxd7 36. Rxb4 cxb4 37. Rxe7 Bc6 38. Be3 Bf6 39. Rc7 h5 40. Rc8+ Kh7 41.
Kf1 b3 42. Bc1 b2 43. Bxb2 Bxb2 44. Ke2 Bd4 45. Rd8 Bb6 46. Ra8 g5 47. Rb8 Kg7
48. Rc8 f5 49. Ra8 h4 50. gxh4 gxh4 51. Ra1 Kf6 52. h3 f4 53. f3 Bd4 54. Ra8 Ke7
55. Ra5 Bd7 56. Rh5 Bf6 57. Rh7+ Ke8 58. Rh6 Ke7 59. Rh7+ Kd8 60. Rh6 Be7 61.
Rh8+ Kc7 62. Rh7 Bd8 63. Kf2 Kc8 64. Kg2 Bf5 65. Rf7 Bxd3 66. Rxf4 Kc7 67. Rg4
Bf6 68. Rf4 Be7 69. Rd4 Bf5 70. Rf4 Be6 71. Re4 Kd6 72. Rd4+ Kc5 73. Re4 Kd6 74.
Rd4+ Ke5 75. Re4+ Kf5 76. Kg1 Bf6 77. Kg2 Bd7 78. Kf2 Kg6 79. Kg2 Kf7 80. Re1
Bc6 81. Rd1 Kg6 82. Kf2 Kf5 83. Rd2 Kf4 84. Rd6 Ke5 85. Rd1 Kf5 86. Rd2 Be7 87.
Kg2 Kf4 88. Rd3 Bc5 89. Rb3 Be3 90. c5 Bxc5 91. Rc3 Bd4 92. Rc4 Ke3 0-1

[Event "13th EICC"]
[Site "Plovdiv BUL"]
[Date "2012.03.24"]
[Round "5.53"]
[White "Benidze, Davit"]
[Black "Mchedlishvili, Mikheil"]
[Result "1/2-1/2"]
[WhiteTitle "IM"]
[BlackTitle "GM"]
[WhiteElo "2530"]
[BlackElo "2626"]
[WhiteFideId "13603086"]
[BlackFideId "13600966"]
[EventDate "2012.03.20"]
[EventType "swiss"]

1. d4 d5 2. Nf3 e6 3. c4 Nf6 4. g3 Bb4+ 5. Bd2 Be7 6. Bg2 c6 7. O-O Nbd7 8. cxd5
cxd5 9. Bf4 O-O 10. Qc2 b6 11. Bc7 Qe8 12. Nc3 Bb7 13. Qb3 Ne4 14. Rac1 Nd6 15.
Bxd6 Bxd6 16. Nb5 Qe7 17. Nxd6 Qxd6 18. Rc3 Rfc8 19. Rfc1 Rxc3 20. Rxc3 Rc8 21.
Nd2 Rxc3 22. Qxc3 Nf6 23. e3 Qc6 24. Qxc6 Bxc6 25. Kf1 Bb5+ 26. Ke1 Kf8 27. Bf1
Bxf1 28. Nxf1 Ke7 29. Kd2 Ne4+ 30. Ke2 f6 31. Nd2 Nxd2 32. Kxd2 Kd6 33. Kd3 Kc6
34. Kc3 Kb7 35. Kb3 Kc7 36. Kc2 Kd7 37. Kc3 Kd6 38. Kd3 Kc6 39. Kc3 Kc7 40. a3
a6 1/2-1/2